000 00403nam a2200145 i 4500
001 bg
245 0 _aCzłowiek, praca, środowisko :
_bporadnik z zakresu bezpieczeństwa pracy i ergonomii /
_cH. Gadomska [et al.].
260 _aWarszawa,
_c1989.
700 1 _aGadomska, Helena.
040 _cBPK
041 _apol
080 _a33.82+331.11
942 _cKS
008 s pl f |000 0 pol
999 _c3925
_d3925
856 _uhttp://koha.tu.koszalin.pl/cgi-bin/koha/opac-detail.pl?biblionumber=3925
_yKatalog online BPK